000
00231 a2200097 4500
001
12519
100
_a
Morris Driels
245
_a
Weaponeering: Conventonal Weapon System Effectiveness
260
_a
_b
AIAA
_c
090
_c
9524
_d
9524
942
_a
NUST-CAE
_c
M
_c
36405
999
_c
247592
_d
247592